Einführung in die Differencialrechnung von Funktionen ener unavhängigen Veränderlichen.

Uložené v:
Podrobná bibliografia
Hlavný autor: Elster, Karl-Heinz
Médium: Kniha
Jazyk:Slovak
Vydané: 1974.
Tagy: Pridať tag
Žiadne tagy, Buďte prvý kto otaguje tento záznam!

MARC

LEADER 00000nam a22000004a 4500
001 000533708
005 20170227134832.0
008 170227s1974 xo e 000 0 slo d
040 |a SVKKK  |b slo  |c SVKKK  |e AACR2 
100 1 |a Elster, Karl-Heinz 
245 1 0 |a Einführung in die Differencialrechnung von Funktionen ener unavhängigen Veränderlichen. 
260 |c 1974. 
500 |a Záznam revízie 
910 |a svkkk 
998 |a BK 
090 |g SCKHL  |k Sklad Pribinova 2. posch.  |a X0.12013  |j 049785  |i 2720356295  |s Absenčne